000 00411nam a22001457a 4500
008 250618b |||||||| |||| 00| 0 eng d
020 _a0333518551
050 _aBF 789.D5
_b.L43
100 _aLeach John
245 _aSurvival Psychology
260 _aLondon
_bMcMillan Press Limited
_c1994
300 _a220p
650 _aDisasters - Psychological aspects
_vPost Traumatic Stress Disorder
942 _cBK
999 _c3893
_d3893